The lion Hand Book to the Bible (Record no. 4331)

MARC details
000 -LEADER
fixed length control field 00419nam a22001577a 4500
008 - FIXED-LENGTH DATA ELEMENTS--GENERAL INFORMATION
fixed length control field 250716b |||||||| |||| 00| 0 eng d
020 ## - INTERNATIONAL STANDARD BOOK NUMBER
ISBN 9780745953700
100 ## - MAIN ENTRY--AUTHOR
Author Alexender Pat and Divid
245 ## - TITLE STATEMENT
Title The lion Hand Book to the Bible
250 ## - EDITION STATEMENT
Edition statement 4th
260 ## - PUBLICATION, DISTRIBUTION, ETC. (IMPRINT)
Place of publication Oxford England
Name of publisher Lion Book
Date of publication 2015
300 ## - COLLATION
Pagination 816.P
Other physical details ill.
650 ## - TRACINGS
Main Subject Bible Handbook, Manual etc
Subdivision (1st) title
942 ## - ADDED ENTRY ELEMENTS (KOHA)
Item type Books
050 ## - LIBRARY OF CONGRESS CALL NUMBER
Classification number BS 417
Item number .A44
Holdings
Source of classification or shelving scheme Not for loan Permanent location Current location Date acquired Accession No. Full call number Barcode. Koha item type
Library of Congress Classification   Samuel Ogbemudia Main Library, University of Abuja Samuel Ogbemudia Main Library, University of Abuja 07/16/2025 2025/64874 BS417 2025-3099 Books